000 00376nam a2200157 i 4500
001 bg
100 1 _aBUDA, Jan
245 0 _aZastosowanie robotów przemysłowych /
_cJan Buda, Milan Kovac.
260 _aWarszawa,
_c1979.
700 1 _aKOVAC, Milan
040 _cBPK
041 _apol
080 _a007.5:62-5
942 _cKS
008 s pl f |000 0 pol
999 _c18550
_d18550
856 _uhttp://koha.tu.koszalin.pl/cgi-bin/koha/opac-detail.pl?biblionumber=18550
_yKatalog online BPK